000 00673nam a2200241Ia 4500
003 GCL
008 140319s9999 xx 000 0 ara d
040 _aGCL /
_cGCL
082 0 4 _a330.1
_bح د
245 1 0 _aدليل الرجل العادى الى التعبير الاقتصادى
260 _a[S.N] :
_bدار الشروق ،
_c1993
300 _a247 ص
490 _a
650 0 4 _aالاقتصاد
650 0 4 _aالاستثمار
650 0 4 _aالنقود
650 0 4 _aالحسابات
650 0 4 _aالمضاربة
650 0 4 _aالدخل القومى
650 0 4 _aميزان المدفوعات
650 0 4 _aالبورصات
942 _2ddc
_cBK
999 _c32237
_d32237